| 000 | 00724cam a2200229 a 4500 | ||
|---|---|---|---|
| 001 | 3314411 | ||
| 005 | 20231123014922.0 | ||
| 008 | 840928s1985 iluaf b s000 0 eng | ||
| 020 | _a0252011783 (alk. paper) | ||
| 040 |
_aDLC _cDLC _dDLC |
||
| 082 | 0 | 0 |
_a305.4/07/1173 _219 |
| 245 | 0 | 0 |
_aFor alma mater : _btheory and practice in feminist scholarship / _cedited by Paula A. Treichler, Cheris Kramarae, Beth Stafford. |
| 260 |
_aUrbana : _bUniversity of Illinois Press, _cc1985. |
||
| 300 | _axv, 450 p., [10] p. of plates : | ||
| 650 | 0 | _aWomen's studies | |
| 650 | 0 | _aFeminism | |
| 650 | 0 | _aWomen | |
| 700 | 1 |
_aTreichler, Paula A. _eedt |
|
| 700 | 1 |
_aKramarae, Cheris. _eedt |
|
| 700 | 1 |
_aStafford, Beth. _eedt |
|
| 942 | _cL | ||
| 999 |
_c62 _d62 |
||